[Event "HUN-chT2 Breyer 1415"]
[Site "Hungary"]
[Date "2014.12.14"]
[Round "6.8"]
[White "Bohus, Adam"]
[Black "Halasz, Csaba"]
[Result "1/2-1/2"]
[WhiteElo "2002"]
[BlackElo "2092"]
[PlyCount "90"]
[EventDate "2014.09.07"]
[EventType "team-tourn"]
[EventRounds "11"]
[EventCountry "HUN"]
[SourceTitle "EXT 2016"]
[Source "ChessBase"]
[SourceDate "2015.10.08"]
[SourceVersion "1"]
[SourceVersionDate "2015.10.08"]
[SourceQuality "1"]
[WhiteTeam "Geniusz Tata"]
[BlackTeam "MAFC"]
[WhiteTeamCountry "HUN"]
[BlackTeamCountry "HUN"]

1. d4 Nf6 2. c4 g6 3. f3 d5 4. cxd5 Nxd5 5. e4 Nb6 6. Nc3 Bg7 7. Be3 0-0 8. Qd2 Nc6 9. 0-0-0 f5 10. e5 Nb4 11. Nh3 c6 12. Nf4 N4d5 13. Nfxd5 Nxd5 14. Nxd5 Qxd5 15. b3 b5 16. Bh6 a5 17. Bxg7 Kxg7 18. h4 h5 19. f4 Be6 20. Be2 Rfd8 21. Bf3 Qd7 22. Kb1 b4 23. Qc2 Bd5 24. Bxd5 cxd5 25. Rc1 Rdc8 26. Qd2 Qb5 27. Rxc8 Rxc8 28. Rc1 Rxc1+ 29. Kxc1 Qf1+ 30. Kb2 Kf7 31. g3 Qf3 32. Qe1 Qg2+ 33. Ka1 Qe4 34. Qf2 Qd3 35. Kb2 Ke6 36. Kc1 Kd7 37. Kb2 Qc3+ 38. Kb1 e6 39. Qg1 Qd2 40. Qf1 Qxd4 41. Qb5+ Kc7 42. Qxa5+ Qb6 43. Qa4 Qg1+ 44. Kb2 Qf2+ 45. Kb1 Qg1+ 1/2-1/2

[Event "HUN-chT2 Erkel 1112"]
[Site "Hungary"]
[Date "2012.03.12"]
[Round "7.8"]
[White "Urhegyi, Marton"]
[Black "Halasz, Csaba"]
[Result "1/2-1/2"]
[WhiteElo "1972"]
[BlackElo "2158"]
[PlyCount "95"]
[EventDate "2011.09.25"]
[EventType "team-tourn"]
[EventRounds "11"]
[EventCountry "HUN"]
[SourceTitle "EXT 2013"]
[Source "ChessBase"]
[SourceDate "2012.11.22"]
[SourceVersion "1"]
[SourceVersionDate "2012.11.22"]
[SourceQuality "1"]
[WhiteTeam "Matra"]
[BlackTeam "MAFC"]
[WhiteTeamCountry "HUN"]
[BlackTeamCountry "HUN"]

1. e4 c5 2. c3 d5 3. exd5 Qxd5 4. d4 Nc6 5. Nf3 Bg4 6. Be2 cxd4 7. cxd4 e6 8. 0-0 Nf6 9. h3 Bh5 10. Nc3 Qa5 11. Be3 Bd6 12. Qb3 Qb4 13. Qxb4 Bxb4 14. Rac1 0-0 15. a3 Bd6 16. Rfd1 Rfd8 17. b4 Rac8 18. g4 Bg6 19. Bb5 Ne7 20. Ne5 Ned5 21. Nxd5 Nxd5 22. Nxg6 hxg6 23. Bc4 Bc7 24. Bxd5 exd5 25. Rd3 Bb6 26. Rdc3 Rxc3 27. Rxc3 f6 28. Kg2 Kf7 29. Kg3 a6 30. Rc2 Ke6 31. Kf3 Kd7 32. Rc1 Rc8 33. Rxc8 Kxc8 34. a4 Bd8 35. Kg3 Kd7 36. f3 Be7 37. Bd2 Kc6 38. h4 Bd6+ 39. Kh3 b5 40. a5 Kd7 41. g5 Ke6 42. Kg4 Bh2 43. Be3 Bd6 44. Bd2 Be7 45. f4 Bd6 46. Bc3 Bb8 47. Bd2 Bd6 48. Bc3 1/2-1/2

[Event "HUN-chT2 Erkel 0809"]
[Site "Hungary"]
[Date "2009.03.08"]
[Round "9.6"]
[White "Halasz, Csaba"]
[Black "Torok, Tamas Titusz"]
[Result "1/2-1/2"]
[WhiteElo "2157"]
[BlackElo "2109"]
[PlyCount "27"]
[EventDate "2008.10.26"]
[EventType "team-tourn"]
[EventRounds "11"]
[EventCountry "HUN"]
[SourceTitle "EXT 2010"]
[Source "ChessBase"]
[SourceDate "2010.11.25"]
[SourceVersion "1"]
[SourceVersionDate "2010.11.25"]
[SourceQuality "1"]
[WhiteTeam "MAFC"]
[BlackTeam "HMO"]
[WhiteTeamCountry "HUN"]
[BlackTeamCountry "HUN"]

1. e4 e5 2. Nf3 Nc6 3. d4 exd4 4. Bc4 Nf6 5. e5 Ne4 6. Bd5 Nc5 7. Nxd4 Nxd4 8. Qxd4 c6 9. Bc4 d5 10. exd6 Bxd6 11. Be3 0-0 12. Nc3 Ne6 13. Bxe6 Bxe6 14. 0-0-0 1/2-1/2

[Event "HUN-chT2 Erkel 0809"]
[Site "Hungary"]
[Date "2008.10.26"]
[Round "1.7"]
[White "Halasz, Csaba"]
[Black "Gruz, Janos"]
[Result "1-0"]
[WhiteElo "2157"]
[BlackElo "2037"]
[PlyCount "79"]
[EventDate "2008.10.26"]
[EventType "team-tourn"]
[EventRounds "11"]
[EventCountry "HUN"]
[SourceTitle "EXT 2010"]
[Source "ChessBase"]
[SourceDate "2010.11.25"]
[SourceVersion "1"]
[SourceVersionDate "2010.11.25"]
[SourceQuality "1"]
[WhiteTeam "MAFC"]
[BlackTeam "Foti"]
[WhiteTeamCountry "HUN"]
[BlackTeamCountry "HUN"]

1. e4 c5 2. Nf3 d6 3. d4 cxd4 4. Nxd4 Nf6 5. Nc3 a6 6. Bg5 e6 7. f4 Qc7 8. Qf3 Nbd7 9. 0-0-0 Be7 10. g4 b5 11. Bxf6 gxf6 12. f5 Nc5 13. a3 Rb8 14. fxe6 fxe6 15. g5 0-0 16. g6 h6 17. g7 Rf7 18. Qh5 Rxg7 19. Qxh6 f5 20. h4 b4 21. axb4 Rxb4 22. exf5 Bb7 23. Nxe6 Nxe6 24. Qxe6+ Kh8 25. Nd5 Bxd5 26. Rxd5 Qd8 27. f6 Bxf6 28. Rh5+ Rh7 29. Rxh7+ Kxh7 30. Bd3+ Kh8 31. Qf5 Qe7 32. Qc8+ Qd8 33. Qf5 Qe7 34. Qh5+ Kg7 35. Qg6+ Kh8 36. Qh6+ Kg8 37. Rg1+ Bg7 38. Qh7+ Kf8 39. Rf1+ Ke8 40. Qg8+ 1-0

[Event "HUN-chT2 Breyer 0708"]
[Site "Hungary"]
[Date "2008.03.16"]
[Round "8"]
[White "Gyebnar, Andras"]
[Black "Halasz, Csaba"]
[Result "0-1"]
[WhiteElo "1924"]
[BlackElo "2148"]
[PlyCount "112"]
[EventDate "2007.10.14"]
[EventType "team"]
[EventRounds "11"]
[EventCountry "HUN"]
[SourceTitle "EXT 2009"]
[Source "ChessBase"]
[SourceDate "2008.11.26"]
[SourceVersion "1"]
[SourceVersionDate "2008.11.26"]
[SourceQuality "1"]
[WhiteTeam "Esztergom"]
[BlackTeam "MAFC"]
[WhiteTeamCountry "HUN"]
[BlackTeamCountry "HUN"]

1. e4 c5 2. Nf3 Nc6 3. d4 cxd4 4. Nxd4 Nf6 5. Nc3 e5 6. Nf3 Bb4 7. Bd3 d5 8. exd5 Nxd5 9. Bd2 Bxc3 10. bxc3 0-0 11. 0-0 Qd6 12. Bc4 Bg4 13. h3 Bh5 14. g4 Bg6 15. Bg5 Be4 16. Bxd5 Qxd5 17. Qxd5 Bxd5 18. Nd2 Rac8 19. Nb3 f6 20. Be3 b6 21. f3 Ne7 22. Bd2 Rfd8 23. Rad1 Be6 24. Nc1 Rd7 25. a3 Rcd8 26. Rf2 Nd5 27. Nd3 Rc8 28. f4 e4 29. f5 Bf7 30. Nb2 Rcd8 31. Be1 e3 32. Re2 Nf4 33. Rxd7 Nxe2+ 34. Kf1 Rxd7 35. Kxe2 Re7 36. Nd1 Bc4+ 37. Kf3 Bd5+ 38. Ke2 Bc4+ 39. Kf3 e2 40. Ne3 Ba6 41. c4 g6 42. Kxe2 gxf5 43. gxf5 Bxc4+ 44. Kf3 Ba6 45. Bg3 Bb7+ 46. Kf2 Be4 47. Bd6 Rd7 48. Bb4 Kf7 49. Ke2 Rc7 50. c4 Rc8 51. Bd6 Re8 52. Kf2 Rd8 53. c5 a6 54. Ke2 bxc5 55. Bxc5 Rb8 56. Kf2 Rb5 0-1

[Event "HUN-chT2 Erkel 0203"]
[Site "Hungary"]
[Date "2003.03.02"]
[Round "8"]
[White "Nemeth, Laszlo"]
[Black "Halasz, Csaba"]
[Result "1-0"]
[WhiteElo "2007"]
[BlackElo "2158"]
[PlyCount "81"]
[EventDate "2002.09.22"]
[EventType "team"]
[EventRounds "11"]
[EventCountry "HUN"]
[SourceTitle "EXT 2009"]
[Source "ChessBase"]
[SourceDate "2008.11.26"]
[SourceVersion "1"]
[SourceVersionDate "2008.11.26"]
[SourceQuality "1"]

1. b4 e5 2. Bb2 Bxb4 3. Bxe5 Nf6 4. Nf3 Nc6 5. Bb2 d5 6. e3 Be6 7. c3 Bd6 8. d4 0-0 9. Bd3 Ne7 10. Nbd2 Bf5 11. Qc2 Bxd3 12. Qxd3 Ng6 13. 0-0 Re8 14. c4 c6 15. cxd5 cxd5 16. Ba3 Bc7 17. Rab1 b6 18. Rfc1 Ne4 19. Rc6 Nh4 20. Qe2 Qd7 21. Rc2 Qg4 22. Qf1 Nxd2 23. Nxd2 Bd8 24. h3 Qg5 25. Rbc1 Bf6 26. Bd6 Ng6 27. Qd3 Nh4 28. Bg3 h5 29. Bxh4 Qxh4 30. Nf3 Qe4 31. Qb5 Qe6 32. Rc6 Qf5 33. Rc7 Re7 34. Rxe7 Bxe7 35. Ne5 Qe4 36. Qd7 f6 37. Qxe7 fxe5 38. Rc7 Qg6 39. Qxe5 Rf8 40. Qxd5+ Kh7 41. Rxa7 1-0

[Event "HUN-chT3 0001"]
[Site "Hungary"]
[Date "2000.12.17"]
[Round "5.2"]
[White "Cseke, Richard"]
[Black "Halasz, Csaba"]
[Result "1/2-1/2"]
[WhiteElo "2214"]
[BlackElo "2158"]
[PlyCount "30"]
[EventDate "2000.10.29"]
[EventType "team"]
[EventRounds "11"]
[EventCountry "HUN"]
[SourceTitle "EXT 2007"]
[Source "ChessBase"]
[SourceDate "2006.11.23"]
[SourceVersion "1"]
[SourceVersionDate "2006.11.23"]
[SourceQuality "1"]

1. e4 c5 2. Nc3 Nc6 3. g3 g6 4. Bg2 Bg7 5. d3 d6 6. Be3 Rb8 7. Qd2 b5 8. f4 e6 9. Nf3 Nd4 10. 0-0 b4 11. Nd1 Ne7 12. Nh4 f5 13. c3 bxc3 14. bxc3 Ndc6 15. Nf3 Qa5 1/2-1/2